| 000 | 01252naa a22003137a 4500 | ||
|---|---|---|---|
| 001 | BR7000684 | ||
| 003 | BR-BrBNA | ||
| 005 | 20240918173412.0 | ||
| 007 | ta | ||
| 008 | 230509b bl.||||| |||| 00| 0 por d | ||
| 040 |
_aBR-BrBNA _bpor _cBiblioteca Nacional de Agricultura |
||
| 041 | _a(Pt) | ||
| 072 |
_aL10 _b5240 _b3887 _bG514 |
||
| 090 | _aL10 BR7000684 | ||
| 100 | 1 | _aVieira, J.M.S. | |
| 111 | 1 |
_a12. Congresso Brasileiro de Medicina Veterinaria _cPorto Alegre, RS (Brazil) _d23 Aug 1970 |
|
| 245 | 1 | _aInfluencia no tratamento anti-helmintico no aparecimento do cio nas ovelhas [Ciclo estral; Inseminacao artificial; Reproducao animal; Sincronizacao do cio; Brasil] | |
| 260 | 3 |
_aPorto Alegre, RS (Brasil): _c1970. |
|
| 500 | _aAnais do 12. Congresso Brasileiro de Medicina Veterinaria Porto Alegre, RS (Brasil): 1970. p. 331-333 (BR7000684-AM)L10 | ||
| 650 | _aOVELHA | ||
| 650 | _aANTI-HELMINTICO | ||
| 650 | _aCICLO ESTRAL | ||
| 650 | _aINSEMINACAO ARTIFICIAL | ||
| 650 | _aREPRODUCAO ANIMAL | ||
| 650 | _aSINCRONIZACAO DO CIO | ||
| 773 | 0 |
_tAnais do 12. Congresso Brasileiro de Medicina Veterinaria _wL10 BR7000684 _gPorto Alegre, RS (Brasil), 1970. p. 331-333 |
|
| 909 |
_a202404 _bLucia _c55 _dLucia Elande |
||
| 942 |
_cAM _2AGRIS |
||
| 999 |
_c304410 _d304410 |
||